ბათუმის შოთა რუსთაველის სახელმწიფო უნივერსიტეტის ბიბლიოთეკა

მშენებლობის ორგანიზაციის, ავტომატიზაციისა და სახარჯთაღრიცხვო ღირებულების განსაზღვრის საკითხები / (ბიბ.ჩანაწერი № 37553)

000 -ლიდერი
ფიქსირებული სიგრძის საკონტროლო ველი 01213nam a2200229Ia 4500
001 - საკონტროლო ნომერი
საკონტროლო ველი 3519
003 - საკონტროლო ნომრის იდენტიფიკატორი
საკონტროლო ველი GE_BSU
005 - ბოლო ოპერაციის თარიღი და დრო
საკონტროლო ველი 20190611143246.0
008 - ფიქსირებული სიგრძის მონაცემთა ელემენტები - ზოგადი ინფორმაცია
ფიქსირებული სიგრძის საკონტროლო ველი 181216s1984||||ge |||||||||||||| ||geo||
040 ## - კატალოგიზაციის წყარო
Transcribing agency GE_BSU
041 ## - ენის კოდი
Language code of text/sound track or separate title geo
080 ## - უნივერსალური ათობითი კლასიფიკაციის ინდექსი
Universal Decimal Classification number 69 + 657 შ-48
100 ## - მთავარი ჩანაწერი - პიროვნების სახელი
Personal name შენგელია, ი.
9 (RLIN) 1872
245 ## - ცნობა სათაურის შესახებ
Title მშენებლობის ორგანიზაციის, ავტომატიზაციისა და სახარჯთაღრიცხვო ღირებულების განსაზღვრის საკითხები /
Statement of responsibility, etc ი. შენგელია ; ჯ. ბიჭიაშვილი ; რედ. ა. კუჭუხიძე.
264 ## - წარმოების, გამოცემის, დისტრიბუციის და სხვა ცნობები
გამოცემის, წარმოების, დისტრიბუციის... ადგილი თბილისი :
გამოცემის, წარმოების, დისტრიბუციის... სახელწოდება უნ-ტის გამ-ბა,
გამოცემის, წარმოების, დისტრიბუციის... თარიღი 1983.
300 ## - ფიზიკური აღწერა
Extent 505 გვ. :
Dimensions ილ. ;
Other physical details 22 სმ.
653 ## - INDEX TERM--UNCONTROLLED
Uncontrolled term მშენებლობის ორგანიზაცია
653 ## - INDEX TERM--UNCONTROLLED
Uncontrolled term მშენებლობის ავტომატიზაცია
700 ## - ADDED ENTRY--PERSONAL NAME
Personal name ბიჭიაშვილი, ჯ.
9 (RLIN) 1873
Relator term ავტორი
700 ## - ADDED ENTRY--PERSONAL NAME
Personal name კუჭუხიძე, ა.
Relator term რედაქტორი
9 (RLIN) 1874
942 ## - ADDED ENTRY ELEMENTS (KOHA)
Koha item type წიგნი
Source of classification or shelving scheme
ეგზემპლარები
ჩამოწერის სტატუსი დაკარგული ეგზემპლარის სტატუსი კლასიფიკაციის წყარო ან თაროზე გაწყობის სქემა დაზიანების სტატუსი არ გაიცემა მუდმივი მდებარეობა (დაცვის ადგილი) ამჟამინდელი ადგილსამყოფელი თაროზე განთავსების ადგილი შეძენის თარიღი ღირებულება, შესყიდვის ნორმალური ფასი სრული შენახვის შიფრი შტრიხკოდი ბოლო ოპერაციის თარიღი ეგზემპლარის მიმდევრობითი ნომერი (კეტერი?) ფასის ძალაში შესვლის თარიღი ეგზემპლარის სახეობა საჯარო შენიშვნა
          ტექნოლოგიური ფაკულტეტის ბიბლიოთეკა ტექნოლოგიური ფაკულტეტის ბიბლიოთეკა წიგნსაცავი 2018-12-17 4.80 69 + 657 შ-48 9902 2018-12-17 9902 2018-12-17 წიგნი 4 ლ. 80 თ.
          ტექნოლოგიური ფაკულტეტის ბიბლიოთეკა ტექნოლოგიური ფაკულტეტის ბიბლიოთეკა წიგნსაცავი 2019-06-11 4.80 69 + 657 შ-48 12231 2019-06-11 12231 2019-06-11 წიგნი 4.80 ლ.
          ტექნოლოგიური ფაკულტეტის ბიბლიოთეკა ტექნოლოგიური ფაკულტეტის ბიბლიოთეკა წიგნსაცავი 2019-06-11 4.80 69 + 657 შ-48 12232 2019-06-11 12232 2019-06-11 წიგნი 4.80 ლ.